<?xml version="1.0" encoding="UTF-8"?>
<record
    xmlns:xsi="http://www.w3.org/2001/XMLSchema-instance"
    xsi:schemaLocation="http://www.loc.gov/MARC21/slim http://www.loc.gov/standards/marcxml/schema/MARC21slim.xsd"
    xmlns="http://www.loc.gov/MARC21/slim">

  <leader>00714nam a22001937a 4500</leader>
  <controlfield tag="008">100805s1992    sy|||||r|||| 00| 0deng d</controlfield>
  <datafield tag="082" ind1=" " ind2=" ">
    <subfield code="a">210.9</subfield>
    <subfield code="b">&#x637; &#x644; &#x627;</subfield>
  </datafield>
  <datafield tag="100" ind1=" " ind2=" ">
    <subfield code="9">17122</subfield>
    <subfield code="a">&#x637;&#x644;&#x627;&#x633;&#x60C; &#x645;&#x635;&#x637;&#x641;&#x649;</subfield>
  </datafield>
  <datafield tag="245" ind1=" " ind2=" ">
    <subfield code="a">&#x631;&#x633;&#x627;&#x644;&#x629; &#x627;&#x644;&#x625;&#x633;&#x644;&#x627;&#x645;:</subfield>
    <subfield code="b">&#x645;&#x62D;&#x645;&#x62F; &#x631;&#x633;&#x648;&#x644; &#x627;&#x644;&#x644;&#x647;/ </subfield>
    <subfield code="c">&#x645;&#x635;&#x637;&#x641;&#x649; &#x637;&#x644;&#x627;&#x633;</subfield>
  </datafield>
  <datafield tag="250" ind1=" " ind2=" ">
    <subfield code="a">3&#x637;</subfield>
  </datafield>
  <datafield tag="260" ind1=" " ind2=" ">
    <subfield code="a"> :&#x62F;&#x645;&#x634;&#x642;</subfield>
    <subfield code="b">&#x60C;&#x637;&#x644;&#x627;&#x633; &#x644;&#x644;&#x62F;&#x631;&#x627;&#x633;&#x627;&#x62A; &#x648;&#x627;&#x644;&#x62A;&#x631;&#x62C;&#x645;&#x629; &#x648;&#x627;&#x644;&#x646;&#x634;&#x631;</subfield>
    <subfield code="c">1992</subfield>
  </datafield>
  <datafield tag="300" ind1=" " ind2=" ">
    <subfield code="a">659 &#x635;&#x61B;</subfield>
    <subfield code="c">24&#x633;&#x645;</subfield>
  </datafield>
  <datafield tag="504" ind1=" " ind2=" ">
    <subfield code="a">&#x64A;&#x634;&#x62A;&#x645;&#x644; &#x639;&#x644;&#x649; &#x627;&#x631;&#x62C;&#x627;&#x639;&#x62A; &#x628;&#x628;&#x644;&#x64A;&#x648;&#x62C;&#x631;&#x627;&#x641;&#x64A;&#x629;655:659</subfield>
  </datafield>
  <datafield tag="541" ind1=" " ind2=" ">
    <subfield code="a">&#x61B; &#x623;&#x644;&#x641; &#x628;&#x627;&#x621;</subfield>
  </datafield>
  <datafield tag="650" ind1=" " ind2=" ">
    <subfield code="9">15307</subfield>
    <subfield code="a">&#x627;&#x644;&#x63A;&#x632;&#x648;&#x627;&#x62A; &#x627;&#x644;&#x625;&#x633;&#x644;&#x627;&#x645;&#x64A;&#x629;</subfield>
  </datafield>
  <datafield tag="650" ind1=" " ind2=" ">
    <subfield code="9">17299</subfield>
    <subfield code="a">&#x647;&#x62C;&#x631;&#x629; &#x627;&#x644;&#x631;&#x633;&#x648;&#x644;</subfield>
  </datafield>
  <datafield tag="650" ind1=" " ind2=" ">
    <subfield code="9">17300</subfield>
    <subfield code="a">&#x641;&#x62A;&#x62D; &#x645;&#x643;&#x629;</subfield>
  </datafield>
  <datafield tag="942" ind1=" " ind2=" ">
    <subfield code="2">ddc</subfield>
    <subfield code="c">BB</subfield>
  </datafield>
  <datafield tag="999" ind1=" " ind2=" ">
    <subfield code="c">14623</subfield>
    <subfield code="d">14623</subfield>
  </datafield>
  <datafield tag="952" ind1=" " ind2=" ">
    <subfield code="0">0</subfield>
    <subfield code="1">0</subfield>
    <subfield code="2">ddc</subfield>
    <subfield code="4">0</subfield>
    <subfield code="7">0</subfield>
    <subfield code="8">Alef-Baa</subfield>
    <subfield code="a">MAIN</subfield>
    <subfield code="b">MAIN</subfield>
    <subfield code="c">LOW</subfield>
    <subfield code="d">2010-08-05</subfield>
    <subfield code="e">purchase</subfield>
    <subfield code="l">0</subfield>
    <subfield code="o">210.9 &#x637; &#x644;&#x627; &#x633;</subfield>
    <subfield code="p">000021694</subfield>
    <subfield code="r">2025-07-15 00:00:00</subfield>
    <subfield code="y">BB</subfield>
  </datafield>
</record>
